[Event "Tournament 14471 - Europe Echecs"]
[Site "Europe Echecs"]
[Date "2020.07.09"]
[Round "6"]
[Time "16:36:13"]
[PlyCount "102"]
[White "BeaurainYanis"]
[Black "MoussaNicolas"]
[WhiteElo "1342"]
[BlackElo "1102"]
[Mode "WEB"]
[Result "1-0"]

1. e4 e5 2. Nf3 Nc6 3. d4 exd4 4. Nxd4 Bc5 5. Be3 Qf6 6. c3 Nge7 7. g3 O-O 8.
Bg2 d6 9. O-O Qe5 10. f4 Qf6 11. g4 Qh6 12. g5 Qh4 13. f5 f6 14. Rf4 Qxg5 15.
Rf3 Qh5 16. Qd2 Ne5 17. Rg3 Ng4 18. Bf3 Bxd4 19. cxd4 Nxf5 20. Bxg4 Qf7 21. exf5
Bxf5 22. Bxf5 Qd5 23. Bh6 Qxf5 24. Rxg7+ Kh8 25. Qf4 Qh5 26. Nc3 Rg8 27. Rxg8+
Rxg8+ 28. Kf2 Qg6 29. Kf3 Qg2+ 30. Ke3 Re8+ 31. Kd3 Qh3+ 32. Kc4 Qe6+ 33. Kd3
Qh3+ 34. Kc4 d5+ 35. Kb3 Qe6 36. Rg1 Qb6+ 37. Kc2 Rg8 38. Rxg8+ Kxg8 39. Qg4+
Kf7 40. Qg7+ Ke6 41. Qxh7 Qxd4 42. Qg8+ Ke5 43. Qe8+ Kf5 44. Qh5+ Ke6 45. Qe8+
Kf5 46. Qc8+ Kg6 47. Bd2 f5 48. Qxc7 f4 49. Qd6+ Kg7 50. Qxf4 Qa4+ 51. Qxa4 {MoussaNicolas a abandonné} 1-0

[Event "Tournament 14471 - Europe Echecs"]
[Site "Europe Echecs"]
[Date "2020.07.09"]
[Round "6"]
[Time "16:36:13"]
[PlyCount "57"]
[White "FadilNoah"]
[Black "GabinoKarl"]
[WhiteElo "1113"]
[BlackElo "1331"]
[Mode "WEB"]
[Result "0-1"]

1. e4 e5 2. c3 Nf6 3. Bd3 Nc6 4. Nf3 Bc5 5. Qc2 d6 6. Bf1 O-O 7. d3 h6 8. Be3
Bb6 9. d4 exd4 10. cxd4 Re8 11. Bb5 Bd7 12. d5 Ne5 13. Bxd7 Nxf3+ 14. gxf3 Qxd7
15. Rg1 Kh8 16. Nd2 Rac8 17. O-O-O c6 18. Qb3 cxd5+ 19. Kb1 Bxe3 20. Qxe3 dxe4
21. fxe4 d5 22. Nf3 Rxe4 23. Qb3 Rec4 24. Rc1 Qf5+ 25. Rc2 Rxc2 26. Qxc2 Qxc2+
27. Ka1 Qc1+ 28. Rxc1 Rxc1# {FadilNoah est échec et mat} 0-1

[Event "Tournament 14471 - Europe Echecs"]
[Site "Europe Echecs"]
[Date "2020.07.09"]
[Round "6"]
[Time "16:36:13"]
[PlyCount "41"]
[White "DuplanManuel"]
[Black "ZaninClement"]
[WhiteElo "1020"]
[BlackElo "1327"]
[Mode "WEB"]
[Result "0-1"]

1. e4 e5 2. Nf3 Nc6 3. Bb5 a6 4. Bxc6 dxc6 5. Nxe5 Qd4 6. Ng4 Qxe4+ 7. Ne3 Bc5
8. O-O Nf6 9. Re1 O-O 10. Nc3 Qg6 11. d4 Bd6 12. Nc4 Bh3 13. g3 Bb4 14. Ne5 Qf5
15. a3 Ba5 16. b4 Bb6 17. Bf4 Rad8 18. Be3 Ne4 19. Nxe4 Qxe4 20. Bg5 Qg2# {DuplanManuel est échec et mat} 0-1

[Event "Tournament 14471 - Europe Echecs"]
[Site "Europe Echecs"]
[Date "2020.07.09"]
[Round "6"]
[Time "16:36:13"]
[PlyCount "46"]
[White "DelmasRaphael"]
[Black "RoubaudLouisAl"]
[WhiteElo "1325"]
[BlackElo "1101"]
[Mode "WEB"]
[Result "1-0"]

1. e4 e6 2. d4 d5 3. e5 c5 4. c3 Nc6 5. Nf3 Bd7 6. Bd3 Qb6 7. Bc2 Nge7 8. O-O
Nf5 9. Bxf5 exf5 10. Re1 cxd4 11. cxd4 Be7 12. Nc3 Be6 13. b3 Bb4 14. Bb2 O-O
15. a3 Bxc3 16. Bxc3 f6 17. exf6 Rxf6 18. Ng5 Re8 19. Nxe6 Rexe6 20. Rxe6 Rxe6
21. b4 Qb5 22. a4 Qd3 23. Qxd3 {RoubaudLouisAl a abandonné} 1-0

[Event "Tournament 14471 - Europe Echecs"]
[Site "Europe Echecs"]
[Date "2020.07.09"]
[Round "6"]
[Time "16:36:13"]
[PlyCount "65"]
[White "BrunEmilie"]
[Black "Cadilhacseffin"]
[WhiteElo "1320"]
[BlackElo "1045"]
[Mode "WEB"]
[Result "0-1"]

1. Nf3 d5 2. c4 Nc6 3. e3 e5 4. d3 Nf6 5. b3 Bb4+ 6. Nfd2 d4 7. Bb2 O-O 8. a3
Bxd2+ 9. Nxd2 dxe3 10. fxe3 Bf5 11. Nf3 Qe7 12. d4 exd4 13. Bxd4 Nxd4 14. Qxd4
Rad8 15. Qc3 Ne4 16. Qe5 Qd7 17. Be2 Rfe8 18. Qd4 Qe7 19. Qxa7 Nc3 20. Rc1 Nxe2
21. Kxe2 b6 22. Rc3 Be4 23. Re1 Ra8 24. Qxa8 Bxa8 25. Nd4 Bxg2 26. Nf5 Qf6 27.
Nd4 c5 28. Nb5 Rd8 29. Rd3 Qf3+ 30. Kd2 Qf2+ 31. Re2 Rxd3+ 32. Kxd3 Bf1 {BrunEmilie a abandonné} 0-1

[Event "Tournament 14471 - Europe Echecs"]
[Site "Europe Echecs"]
[Date "2020.07.09"]
[Round "6"]
[Time "16:36:13"]
[PlyCount "74"]
[White "BourdelClement"]
[Black "GandrilleLubin"]
[WhiteElo "1308"]
[BlackElo "1024"]
[Mode "WEB"]
[Result "1-0"]

1. e4 e5 2. Nf3 Nc6 3. d4 Nf6 4. d5 Nb4 5. c3 Na6 6. Bxa6 bxa6 7. Nxe5 Nxe4 8.
Qe2 Nf6 9. Nc6+ Qe7 10. Nxe7 Bxe7 11. c4 c6 12. Nc3 Bb7 13. d6 O-O 14. dxe7 Rfe8
15. Bf4 d5 16. cxd5 cxd5 17. O-O-O Rec8 18. Kb1 Re8 19. Na4 Ne4 20. f3 Nf6 21.
Nc5 Bc6 22. Nxa6 Nh5 23. Bd6 Nf6 24. Nc7 Rac8 25. Nxe8 Nxe8 26. Bc5 Bb7 27. Bxa7
h6 28. Rc1 Ra8 29. Bb6 Ra6 30. Bd8 Ra8 31. Qb5 Nd6 32. e8=Q+ Nxe8 33. Qxe8+ Kh7
34. Rc7 Ba6 35. Qxf7 Bd3+ 36. Kc1 Rxa2 37. Qxg7# {GandrilleLubin est échec et mat} 1-0

[Event "Tournament 14471 - Europe Echecs"]
[Site "Europe Echecs"]
[Date "2020.07.09"]
[Round "6"]
[Time "16:36:13"]
[PlyCount "100"]
[White "FraileLucas"]
[Black "VerdeauxAntoin"]
[WhiteElo "1276"]
[BlackElo "960"]
[Mode "WEB"]
[Result "1-0"]

1. e4 e5 2. Bc4 Nf6 3. d4 exd4 4. Nf3 Nc6 5. Nxd4 Nxd4 6. Qxd4 b6 7. O-O Bc5 8.
Qd3 Bb7 9. Nc3 Qe7 10. Bf4 O-O-O 11. Nd5 Qxe4 12. Qxe4 Nxe4 13. Rae1 Rhe8 14.
Nc3 Bxf2+ 15. Rxf2 Nxf2 16. Kxf2 Rxe1 17. Kxe1 Bxg2 18. Kf2 Bc6 19. Kg3 d5 20.
Bd3 d4 21. Ne4 Bxe4 22. Bxe4 Re8 23. Bf5+ Kb7 24. h4 g6 25. Bd3 Kc6 26. a4 Ra8
27. Be4+ Kd7 28. Bxa8 c6 29. Be5 Ke6 30. Bxd4 Kd5 31. Bf2 Kc4 32. Bxc6 h6 33.
b3+ Kc3 34. Bd5 Kxc2 35. Bxf7 Kd2 36. Bxg6 Ke2 37. b4 a6 38. h5 a5 39. Bxb6 axb4
40. a5 Kd2 41. a6 b3 42. a7 Kc3 43. a8=Q Kc4 44. Qc6+ Kb4 45. Bc5+ Kc3 46. Be3+
Kb2 47. Qc1+ Ka2 48. Bb1+ Ka1 49. Bd4+ b2 50. Bxb2# {VerdeauxAntoin est échec et mat} 1-0

[Event "Tournament 14471 - Europe Echecs"]
[Site "Europe Echecs"]
[Date "2020.07.09"]
[Round "6"]
[Time "16:36:13"]
[PlyCount "31"]
[White "BourgineQuenti"]
[Black "BenoitClement"]
[WhiteElo "999"]
[BlackElo "1254"]
[Mode "WEB"]
[Result "0-1"]

1. e4 e6 2. Nc3 d5 3. d3 c5 4. Nf3 Nc6 5. Bg5 Be7 6. Bxe7 Ngxe7 7. Qe2 O-O 8.
O-O-O Qb6 9. g3 Bd7 10. Qe3 d4 11. Na4 Qb4 12. Qg5 f6 13. Qd2 Qxa4 14. h4 Qxa2
15. h5 Qa1# {BourgineQuenti est échec et mat} 0-1

[Event "Tournament 14471 - Europe Echecs"]
[Site "Europe Echecs"]
[Date "2020.07.09"]
[Round "6"]
[Time "16:36:13"]
[PlyCount "24"]
[White "NavilleLea"]
[Black "DubachNicolas"]
[WhiteElo "1288"]
[BlackElo "999"]
[Mode "WEB"]
[Result "1-0"]

1. d4 e6 2. Bf4 d5 3. e3 g6 4. Nf3 Bg7 5. h4 Nf6 6. c4 Nc6 7. Nc3 h6 8. Qa4 Bd7
9. Qb3 Na5 10. Qb4 b6 11. Nb5 a6 12. Nxc7+ {DubachNicolas a abandonné} 1-0

[Event "Tournament 14471 - Europe Echecs"]
[Site "Europe Echecs"]
[Date "2020.07.09"]
[Round "6"]
[Time "16:36:13"]
[PlyCount "46"]
[White "BarbasStojicev"]
[Black "AlexGeerjananN"]
[WhiteElo "1150"]
[BlackElo "1370"]
[Mode "WEB"]
[Result "1-0"]

1. e4 e5 2. Nf3 Nc6 3. Bc4 Bc5 4. d3 Nf6 5. Ng5 d5 6. exd5 Nd4 7. d6 O-O 8. Be3
cxd6 9. Bxd4 Bxd4 10. Nc3 Bxc3+ 11. bxc3 Bg4 12. f3 Bd7 13. O-O h6 14. Ne4 Qb6+
15. d4 exd4 16. cxd4 d5 17. Bb3 dxe4 18. fxe4 Nxe4 19. Kh1 Nc3 20. Qd3 Nb5 21.
c4 Nxd4 22. Bc2 Bc6 23. Qh7# {AlexGeerjananN est échec et mat} 1-0

[Event "Tournament 14471 - Europe Echecs"]
[Site "Europe Echecs"]
[Date "2020.07.09"]
[Round "6"]
[Time "16:36:13"]
[PlyCount "75"]
[White "DygasArthur"]
[Black "KurenkovAndrey"]
[WhiteElo "1143"]
[BlackElo "1322"]
[Mode "WEB"]
[Result "0-1"]

1. c4 e5 2. Nc3 Nf6 3. g3 Bb4 4. Bg2 d6 5. e3 c6 6. Nge2 Be6 7. b3 d5 8. Bb2
dxc4 9. bxc4 Bxc4 10. d3 Bxc3+ 11. Nxc3 Qxd3 12. Bf3 Qxd1+ 13. Rxd1 O-O 14. Be2
Bxe2 15. Nxe2 Na6 16. O-O Rad8 17. Nc3 Nd5 18. Na4 Nac7 19. Bxe5 Ne6 20. Rd2 f6
21. Bb2 b5 22. Nc3 Nxc3 23. Bxc3 Rxd2 24. Bxd2 Rd8 25. Ba5 Rd3 26. Rc1 c5 27.
Rxc5 Nxc5 28. Bb4 Nb7 29. Kf1 a5 30. Be1 Ra3 31. Ke2 Rxa2+ 32. Kd1 Nc5 33. Kc1
Nd3+ 34. Kd1 Nxf2+ 35. Bxf2 Rxf2 36. Ke1 Rxh2 37. Kf1 Rb2 {DygasArthur a abandonné} 0-1

[Event "Tournament 14471 - Europe Echecs"]
[Site "Europe Echecs"]
[Date "2020.07.09"]
[Round "6"]
[Time "16:36:13"]
[PlyCount "132"]
[White "DebiasSaidAdri"]
[Black "GheorghinFelix"]
[WhiteElo "1125"]
[BlackElo "1310"]
[Mode "WEB"]
[Result "1-0"]

1. e4 c5 2. Nf3 d6 3. d4 cxd4 4. Nxd4 Nf6 5. Nc3 e5 6. Nf3 Be6 7. Bb5+ Nc6 8.
Bg5 Be7 9. O-O Rc8 10. Bxf6 Bxf6 11. Nd5 Be7 12. Re1 O-O 13. c4 a6 14. Ba4 Rb8
15. b3 b5 16. cxb5 axb5 17. Rb1 bxa4 18. bxa4 Rxb1 19. Qxb1 Qd7 20. Qb5 Nd4 21.
Qxd7 Nxf3+ 22. gxf3 Bxd7 23. Nxe7+ Kh8 24. a5 Re8 25. Nd5 Ra8 26. Rb1 h6 27. Nb6
Rb8 28. Rb3 Be6 29. Nd5 Ra8 30. Rb5 Bd7 31. Nc7 Ra7 32. Rb8+ Kh7 33. Nb5 Rxa5
34. Nxd6 Be6 35. Rb7 Kg6 36. Nf5 Rxa2 37. Ne7+ Kg5 38. Kg2 Kf4 39. Nd5+ Bxd5 40.
exd5 Rd2 41. Rxf7+ Kg5 42. Rxg7+ Kf6 43. Rd7 Kf5 44. Kg3 h5 45. h3 Kg5 46. h4+
Kf5 47. Rf7+ Kg6 48. Rd7 Kf5 49. Rd8 Rd3 50. d6 Ke6 51. Rf8 Rxd6 52. Rh8 Rd8 53.
Rxd8 Kf5 54. Rh8 Kg6 55. f4 exf4+ 56. Kxf4 Kf6 57. Rxh5 Kg6 58. Kg4 Kf6 59. f4
Kg6 60. Rf5 Kg7 61. Kg5 Kh7 62. Rf6 Kg7 63. f5 Kh7 64. Rf7+ Kg8 65. Kg6 Kh8 66.
Rf8# {GheorghinFelix est échec et mat} 1-0

[Event "Tournament 14471 - Europe Echecs"]
[Site "Europe Echecs"]
[Date "2020.07.09"]
[Round "6"]
[Time "16:36:13"]
[PlyCount "63"]
[White "MolinesMartin"]
[Black "PommereulMathi"]
[WhiteElo "1033"]
[BlackElo "1264"]
[Mode "WEB"]
[Result "0-1"]

1. e4 e5 2. Nf3 Nc6 3. Bc4 Bc5 4. d3 Nf6 5. Bg5 h6 6. Bxf6 Qxf6 7. Nc3 d6 8. Nd5
Qd8 9. O-O Bg4 10. h3 Bh5 11. c3 Ne7 12. Nxe7 Qxe7 13. d4 exd4 14. cxd4 Bb6 15.
Re1 O-O 16. Re3 Rae8 17. Bd3 Qf6 18. Be2 Bxf3 19. Rxf3 Qxd4 20. Qxd4 Bxd4 21.
Rb1 Rxe4 22. Bd3 Re7 23. Rf4 c5 24. b4 Rd8 25. Bc4 Be5 26. Rf3 cxb4 27. Re3 Rc8
28. Rf3 Rxc4 29. Rfb3 Rec7 30. Rxb4 Rc1+ 31. Rxc1 Rxc1# {MolinesMartin est échec et mat} 0-1

[Event "Tournament 14471 - Europe Echecs"]
[Site "Europe Echecs"]
[Date "2020.07.09"]
[Round "6"]
[Time "16:36:13"]
[PlyCount "100"]
[White "BoucaudViallar"]
[Black "OuaichaHadyan"]
[WhiteElo "1329"]
[BlackElo "1083"]
[Mode "WEB"]
[Result "1-0"]

1. e4 e5 2. Nf3 Nc6 3. Bc4 Bc5 4. d3 Nf6 5. Nc3 d6 6. Be3 Bxe3 7. fxe3 Bg4 8.
Qd2 O-O 9. O-O-O Re8 10. h3 Bh5 11. g4 Bg6 12. Qg2 h6 13. g5 hxg5 14. Qxg5 Nh7
15. Qg4 Na5 16. Bd5 c6 17. Bxf7+ Bxf7 18. Rdg1 Qf6 19. h4 Qh6 20. Ne2 Re6 21.
Ng3 Rf6 22. Nf5 Qg6 23. Qh3 Qh5 24. Ne7+ Kf8 25. Nf5 Bg6 26. Qg3 c5 27. Ng5 Kg8
28. Ne7+ Kf8 29. Nxg6+ Rxg6 30. Rf1+ Kg8 31. Qf2 Rf6 32. Qg3 Rg6 33. Rfg1 Nc6
34. Qh3 Ne7 35. Qd7 Kf8 36. Rf1+ Nf6 37. Ne6+ Kf7 38. Qxd6 Re8 39. Nd8+ Kf8 40.
Ne6+ Kf7 41. a3 Qg4 42. h5 Qg3 43. hxg6+ Kxg6 44. Rhg1 Kf7 45. Rxg3 Kg8 46. Rfg1
Ng6 47. Rxg6 Rf8 48. Rxg7+ Kh8 49. Qxf8+ Ng8 50. Qxg8# {OuaichaHadyan est échec et mat} 1-0

[Event "Tournament 14471 - Europe Echecs"]
[Site "Europe Echecs"]
[Date "2020.07.09"]
[Round "6"]
[Time "16:36:13"]
[PlyCount "106"]
[White "BoyerJohnLucas"]
[Black "CarobbioMaxime"]
[WhiteElo "1266"]
[BlackElo "1080"]
[Mode "WEB"]
[Result "1-0"]

1. d4 d5 2. Bf4 Bf5 3. Nf3 e6 4. e3 f6 5. Nbd2 g5 6. Bg3 h5 7. h3 h4 8. Bh2 Bd6
9. Bxd6 Qxd6 10. Bd3 Nc6 11. Bxf5 exf5 12. O-O Nge7 13. Nb3 g4 14. hxg4 fxg4 15.
Nfd2 g3 16. fxg3 hxg3 17. Qg4 Rg8 18. Qh5+ Rg6 19. Nc5 O-O-O 20. c3 Rg5 21. Qh4
Ng6 22. Qh3+ Kb8 23. Qe6 Qxe6 24. Nxe6 Nf4 25. Nxg5 Ne2+ 26. Kh1 Rh8+ 27. Nh3
Ne7 28. Rxf6 a6 29. Raf1 Rh7 30. Rf7 Rxf7 31. Rxf7 Ng6 32. Rg7 Nh4 33. Rg8+ Ka7
34. Rf8 Ng6 35. Rf6 Nh4 36. Nf3 Nxf3 37. gxf3 g2+ 38. Kxg2 c5 39. dxc5 b6 40.
cxb6+ Kb7 41. e4 a5 42. exd5 a4 43. d6 a3 44. bxa3 Nxc3 45. d7 Nd5 46. Rd6 Nf4+
47. Nxf4 Ka8 48. d8=Q+ Kb7 49. Qc7+ Ka6 50. Qa7+ Kb5 51. b7 Kc4 52. b8=Q Kc3 53.
Qb3# {CarobbioMaxime est échec et mat} 1-0

[Event "Tournament 14471 - Europe Echecs"]
[Site "Europe Echecs"]
[Date "2020.07.09"]
[Round "6"]
[Time "16:36:13"]
[PlyCount "35"]
[White "CourjalCharlot"]
[Black "AmiotTimothee"]
[WhiteElo "1055"]
[BlackElo "1240"]
[Mode "WEB"]
[Result "0-1"]

1. e4 c5 2. Nf3 d6 3. Bc4 Nf6 4. d3 a6 5. Nc3 e6 6. O-O Be7 7. Be3 O-O 8. h3 b5
9. Bb3 Bb7 10. a4 b4 11. Ne2 a5 12. e5 dxe5 13. Nxe5 Qc7 14. Bf4 Bd6 15. d4 Bxe5
16. Bxe5 Qc6 17. Bxf6 Qxg2# {CourjalCharlot est échec et mat} 0-1

[Event "Tournament 14471 - Europe Echecs"]
[Site "Europe Echecs"]
[Date "2020.07.09"]
[Round "6"]
[Time "16:36:13"]
[PlyCount "59"]
[White "CogneauMaude"]
[Black "SwietlikNicola"]
[WhiteElo "1180"]
[BlackElo "1065"]
[Mode "WEB"]
[Result "0-1"]

1. e4 e5 2. Nf3 Nc6 3. Nc3 Nf6 4. Bc4 Bc5 5. O-O O-O 6. d3 d6 7. Bg5 Bg4 8. Nd5
Nd4 9. c3 Nxf3+ 10. gxf3 Be6 11. d4 Bxd5 12. exd5 Bb6 13. f4 exf4 14. Kh1 h6 15.
Bxf6 Qxf6 16. Bd3 Rfe8 17. Rg1 Re7 18. Bc2 Rae8 19. Qd3 g6 20. h3 Re2 21. Rgf1
Qg5 22. Bd1 Qxd5+ 23. Kg1 R2e4 24. Bf3 Qg5+ 25. Kh1 R4e6 26. Bg4 Rf6 27. Bd7 Re7
28. Bc8 f3 29. Bxb7 Qg2# {CogneauMaude est échec et mat} 0-1

[Event "Tournament 14471 - Europe Echecs"]
[Site "Europe Echecs"]
[Date "2020.07.09"]
[Round "6"]
[Time "16:36:13"]
[PlyCount "149"]
[White "GuichardAxel"]
[Black "GilliotCorenti"]
[WhiteElo "1148"]
[BlackElo "1051"]
[Mode "WEB"]
[Result "0-1"]

1. e4 c5 2. Nf3 Nc6 3. Bc4 g6 4. Nc3 Bg7 5. d3 a6 6. a3 b5 7. Ba2 d6 8. b4 Bxc3+
9. Bd2 Bxa1 10. Qxa1 e5 11. bxc5 dxc5 12. Nxe5 Qf6 13. Bc3 Nd4 14. Nxf7 Nxc2+
15. Kd1 Nxa1 16. Bxf6 Nxf6 17. Nxh8 Ke7 18. Nf7 Be6 19. Bxe6 Kxe6 20. Ng5+ Ke7
21. Kd2 Nb3+ 22. Kc2 Nd4+ 23. Kb1 Rd8 24. Re1 Nb3 25. Re3 h6 26. Nf3 Ng4 27. Re1
Nxf2 28. h3 Nxd3 29. Rd1 c4 30. Nh4 g5 31. Nf5+ Kf6 32. Nxh6 Nbc5 33. Ng4+ Kg6
34. Ne5+ Kf6 35. Ng4+ Kf7 36. Ne5+ Ke6 37. Nc6 Rd6 38. Nb4 Nxe4 39. Nxd3 Nc3+
40. Kc2 Nxd1 41. Nc5+ Ke5 42. g3 Kf6 43. Ne4+ Ke5 44. Nxd6 Kxd6 45. Kxd1 Ke5 46.
Ke2 Ke4 47. h4 gxh4 48. gxh4 Kf4 49. h5 Kg5 50. Kd2 Kxh5 51. Kc3 Kg4 52. Kb4 Kf4
53. Ka5 c3 54. Kxa6 c2 55. Kxb5 c1=Q 56. Kb4 Qc2 57. a4 Ke5 58. a5 Kd6 59. Kb5
Qc6+ 60. Kb4 Kd5 61. Ka3 Kc5 62. Kb3 Kb5 63. Ka3 Qc4 64. Kb2 Qb4+ 65. Kc1 Qxa5
66. Kd1 Qa2 67. Ke1 Qc2 68. Kf1 Qd2 69. Kg1 Qe2 70. Kh1 Kc4 71. Kg1 Kd3 72. Kh1
Ke3 73. Kg1 Kf3 74. Kh1 Qg2# {GuichardAxel est échec et mat} 0-1

[Event "Tournament 14471 - Europe Echecs"]
[Site "Europe Echecs"]
[Date "2020.07.09"]
[Round "6"]
[Time "16:36:13"]
[PlyCount "169"]
[White "FoleyDaniel"]
[Black "BarbierPestour"]
[WhiteElo "1140"]
[BlackElo "999"]
[Mode "WEB"]
[Result "0-1"]

1. e4 e5 2. Nf3 Nc6 3. Bc4 Bc5 4. c3 Nf6 5. d4 exd4 6. cxd4 Bb6 7. Nc3 d6 8. O-O
O-O 9. Bd3 Nxd4 10. Nxd4 Bxd4 11. Bb1 Bxc3 12. bxc3 Nxe4 13. Qd3 Bf5 14. Qf3
Nxc3 15. Qxf5 g6 16. Qd3 Qf6 17. Bb2 Ne2+ 18. Qxe2 Qd8 19. Qd3 c5 20. Qc3 f6 21.
Be4 Rb8 22. Bd5+ Kh8 23. Rae1 h5 24. Qg3 g5 25. Qh3 h4 26. Qg4 Qc7 27. Qh5+ Qh7
28. Qxh7+ Kxh7 29. Be4+ f5 30. Bd5 b5 31. Re7+ Kg6 32. Rfe1 Kh5 33. g4+ fxg4 34.
f3 gxf3 35. Bxf3+ Rxf3 36. Kg2 Rf4 37. h3 Rbf8 38. Rh7+ Kg6 39. Rg7+ Kh5 40. Bc1
Rf2+ 41. Kg1 R2f3 42. Rxg5+ Kh6 43. Re6+ Kh7 44. Rg7+ Kxg7 45. Bh6+ Kg8 46. Bxf8
Kxf8 47. Rxd6 Rxh3 48. Rd5 Rc3 49. Rd8+ Ke7 50. Ra8 c4 51. Rxa7+ Kd6 52. Ra6+
Kc5 53. Kf2 h3 54. Kg1 Rc2 55. Ra5 h2+ 56. Kh1 Rd2 57. a4 Kb4 58. Rxb5+ Kxa4 59.
Rb8 c3 60. Ra8+ Kb3 61. Rb8+ Kc2 62. Rc8 Kd1 63. Rxc3 Ke2 64. Rh3 Rd8 65. Rxh2+
Kf3 66. Rh3+ Kg4 67. Kg2 Rd2+ 68. Kh1 Kxh3 69. Kg1 Ra2 70. Kf1 Kg3 71. Ke1 Kf3
72. Kd1 Rh2 73. Kc1 Ke3 74. Kd1 Rg2 75. Kc1 Kd3 76. Kb1 Kc3 77. Kc1 Kb3 78. Kd1
Kc3 79. Ke1 Kd3 80. Kf1 Ra2 81. Ke1 Rb2 82. Kf1 Ke3 83. Kg1 Kf3 84. Kf1 Rb1# {FoleyDaniel est échec et mat} 0-1

[Event "Tournament 14471 - Europe Echecs"]
[Site "Europe Echecs"]
[Date "2020.07.09"]
[Round "6"]
[Time "16:36:13"]
[PlyCount "66"]
[White "MilaGabriel"]
[Black "BourginePaul"]
[WhiteElo "1096"]
[BlackElo "999"]
[Mode "WEB"]
[Result "1-0"]

1. e4 e5 2. Nf3 Nc6 3. d4 Qe7 4. dxe5 Qb4+ 5. Nc3 Nge7 6. a3 Qb6 7. Be3 Qa5 8.
b4 Qxe5 9. Nxe5 Nxe5 10. Bd3 d6 11. f4 Bg4 12. Qd2 Nf3+ 13. gxf3 Bxf3 14. Rf1
Bg4 15. Bc4 O-O-O 16. Qg2 h5 17. h3 Bd7 18. Bxf7 c6 19. e5 dxe5 20. fxe5 Nd5 21.
Nxd5 cxd5 22. Qxd5 Bxh3 23. Qc4+ Kb8 24. Rh1 Bg2 25. Rh2 Bf3 26. Bf4 Rh6 27. e6+
Bd6 28. Bxd6+ Rxd6 29. e7 Rhe6+ 30. Bxe6 Rxe6+ 31. Kf2 Re2+ 32. Kxf3 Rxh2 33.
e8=Q# {BourginePaul est échec et mat} 1-0

[Event "Tournament 14471 - Europe Echecs"]
[Site "Europe Echecs"]
[Date "2020.07.09"]
[Round "6"]
[Time "16:36:13"]
[PlyCount "44"]
[White "TsirulnikovAlic"]
[Black "GiraudDimitri"]
[WhiteElo "1010"]
[BlackElo "1087"]
[Mode "WEB"]
[Result "1-0"]

1. e4 e5 2. Nf3 Nc6 3. Bc4 Nf6 4. d3 Bc5 5. O-O h6 6. Nbd2 d6 7. h3 O-O 8. Nb3
d5 9. exd5 Nxd5 10. Nxc5 b6 11. Ne4 Bf5 12. Ng3 Bg6 13. Bd2 a5 14. Re1 f6 15.
Nh4 Bh7 16. Ngf5 Bxf5 17. Nxf5 Kh7 18. Qh5 Nce7 19. Bxd5 Nxd5 20. Bxh6 gxh6 21.
Qxh6+ Kg8 22. Qg7# {GiraudDimitri est échec et mat} 1-0

[Event "Tournament 14471 - Europe Echecs"]
[Site "Europe Echecs"]
[Date "2020.07.09"]
[Round "6"]
[Time "16:36:13"]
[PlyCount "132"]
[White "BernadetDaniel"]
[Black "LoszycerSasha"]
[WhiteElo "1003"]
[BlackElo "1162"]
[Mode "WEB"]
[Result "1-0"]

1. d4 d6 2. c4 g6 3. Nf3 Bg7 4. Nc3 Nc6 5. Qa4 Bd7 6. d5 Nd4 7. Qd1 Nxf3+ 8.
exf3 e6 9. Bd3 exd5 10. cxd5 Qe7+ 11. Be3 Nf6 12. O-O O-O 13. Bg5 Qd8 14. Qb3 b6
15. Rac1 h6 16. Bxf6 Bxf6 17. Ne4 Bg7 18. a3 Qc8 19. Bb5 Bxb5 20. Qxb5 a6 21.
Qe2 a5 22. f4 Re8 23. b3 Qf5 24. f3 Qxf4 25. Rxc7 Be5 26. g3 Qf5 27. f4 Bd4+ 28.
Kh1 Qxe4+ 29. Qxe4 Rxe4 30. f5 Rae8 31. fxg6 Re1 32. gxf7+ Kf8 33. Rxe1 Rxe1+
34. Kg2 Bg7 35. Kf2 Re5 36. Rb7 Rf5+ 37. Ke3 Rxf7 38. Rxf7+ Kxf7 39. Ke4 Ke7 40.
a4 Kd7 41. Kf5 Bf8 42. h4 Ke7 43. g4 Kf7 44. h5 Be7 45. Kf4 Bg5+ 46. Kf5 Kg7 47.
Ke6 Bh4 48. Kxd6 Kf6 49. Kc6 Kg5 50. Kxb6 Be1 51. d6 Kxg4 52. d7 Bh4 53. Kxa5
Bg5 54. b4 Kxh5 55. b5 Kg6 56. b6 Kf6 57. b7 Ke7 58. b8=Q Kxd7 59. Qb5+ Ke6 60.
Qe2+ Kf6 61. Kb5 Kg6 62. a5 h5 63. a6 h4 64. Qg4 Kh6 65. a7 h3 66. Qxh3+ {LoszycerSasha a abandonné} 1-0

[Event "Tournament 14471 - Europe Echecs"]
[Site "Europe Echecs"]
[Date "2020.07.09"]
[Round "6"]
[Time "16:36:13"]
[PlyCount "60"]
[White "LemoalImran"]
[Black "CaillensValent"]
[WhiteElo "1047"]
[BlackElo "999"]
[Mode "WEB"]
[Result "1-0"]

1. e4 e5 2. Nf3 Nc6 3. Bc4 Nf6 4. Ng5 d5 5. exd5 Nxd5 6. d3 Bc5 7. Qf3 Be6 8.
Nc3 Nd4 9. Qd1 O-O 10. Qh5 h6 11. Bxd5 Bxd5 12. Nxd5 Qxd5 13. Ne4 Nxc2+ 14. Kd2
Nxa1 15. Qg4 Bb4+ 16. Ke2 Nc2 17. Nf6+ Kh8 18. Nxd5 Rfd8 19. Nxb4 f5 20. Qc4
Nd4+ 21. Kf1 c6 22. Be3 b5 23. Qf7 a5 24. Bxd4 Rxd4 25. Nxc6 Rxd3 26. Ke2 e4 27.
Rd1 Rxd1 28. Kxd1 Rc8 29. Ne5 g5 30. Ng6# {CaillensValent est échec et mat} 1-0

[Event "Tournament 14471 - Europe Echecs"]
[Site "Europe Echecs"]
[Date "2020.07.09"]
[Round "6"]
[Time "16:36:13"]
[PlyCount "77"]
[White "KulikovaBernie"]
[Black "MoreauDecource"]
[WhiteElo "800"]
[BlackElo "1330"]
[Mode "WEB"]
[Result "0-1"]

1. e4 e5 2. Nf3 Nc6 3. Nc3 Be7 4. Bb5 Bd6 5. d3 a6 6. Bc4 Nf6 7. Bg5 O-O 8. O-O
Bb4 9. a3 Bxc3 10. bxc3 d6 11. Bxf6 b5 12. Bh4 Qe8 13. Ba2 a5 14. Rb1 b4 15.
cxb4 axb4 16. axb4 Rxa2 17. b5 Ne7 18. d4 exd4 19. Nxd4 f6 20. Nf5 Nxf5 21. exf5
Bxf5 22. g4 Bxc2 23. Qc1 Qe6 24. Re1 Qxg4+ 25. Bg3 Rb8 26. f4 c6 27. Kg2 cxb5
28. Ra1 Rxa1 29. Qxa1 b4 30. Qb2 b3 31. Re2 Qxe2+ 32. Kh3 Bf5+ 33. Kh4 Qxb2 34.
Kh5 Qg2 35. Kh4 b2 36. h3 b1=Q 37. Kh5 Qxh3+ 38. Bh4 Qd1# {KulikovaBernie est échec et mat} 0-1

[Event "Tournament 14471 - Europe Echecs"]
[Site "Europe Echecs"]
[Date "2020.07.09"]
[Round "6"]
[Time "16:36:13"]
[PlyCount "101"]
[White "RaymondTimothe"]
[Black "DromardLila"]
[WhiteElo "999"]
[BlackElo "1040"]
[Mode "WEB"]
[Result "0-1"]

1. e4 e5 2. Nf3 Nc6 3. Nc3 Nf6 4. d4 d5 5. dxe5 Nxe4 6. Nxe4 dxe4 7. Ng5 Qxd1+
8. Kxd1 Nxe5 9. Bb5+ Bd7 10. Bxd7+ Nxd7 11. Bf4 Be7 12. Nxe4 c6 13. Ng5 f6 14.
Ne4 g5 15. Nd6+ Bxd6 16. Bxd6 Nb6 17. Re1+ Kd7 18. Be7 Rhe8 19. Bxf6 Rxe1+ 20.
Kxe1 Re8+ 21. Kf1 h6 22. f3 Ke6 23. Bd4 c5 24. Bxc5 Kd5 25. Bb4 Rc8 26. Rd1+ Kc4
27. a3 Kb5 28. c3 Nc4 29. Rd5+ Ka4 30. b3+ Kxb3 31. h3 Ne3+ 32. Kf2 Nxd5 33. Bd6
Rxc3 34. Be5 Rc2+ 35. Kg3 Kxa3 36. h4 gxh4+ 37. Kxh4 b5 38. g4 b4 39. f4 b3 40.
g5 hxg5+ 41. fxg5 Ne7 42. Bf6 Nf5+ 43. Kh5 b2 44. g6 b1=Q 45. g7 Nxg7+ 46. Bxg7
Qb4 47. Kg6 Rc6+ 48. Kh7 Qb7 49. Kg8 Rg6 50. Kh7 Qxg7# {RaymondTimothe est échec et mat} 0-1

[Event "Tournament 14471 - Europe Echecs"]
[Site "Europe Echecs"]
[Date "2020.07.09"]
[Round "7"]
[Time "17:17:11"]
[PlyCount "45"]
[White "LesueurGabriel"]
[Black "SchippkeManon"]
[WhiteElo "1906"]
[BlackElo "1873"]
[Mode "WEB"]
[Result "0-1"]

1. e4 c5 2. d4 cxd4 3. Nf3 d6 4. Nxd4 Nf6 5. Nc3 Nc6 6. Bg5 e6 7. Qd2 Be7 8.
O-O-O a6 9. f4 Bd7 10. Nb3 b5 11. Bxf6 gxf6 12. f5 b4 13. fxe6 fxe6 14. Ne2 a5
15. Qh6 Ne5 16. Qh5+ Ng6 17. Nf4 Kf7 18. Bc4 Qc7 19. Rd4 Rac8 20. Nxa5 Kg7 21.
Qg4 e5 22. Be6 Qxc2# {LesueurGabriel est échec et mat} 0-1